The Bombay Rents, Hotel and Lodging House Rates, Control Act, 1947 with case finder (Record no. 23534)

MARC details
000 -LEADER
fixed length control field 00910nam a2200229 a 4500
005 - DATE AND TIME OF LATEST TRANSACTION
control field 19890424000000.0
008 - FIXED-LENGTH DATA ELEMENTS--GENERAL INFORMATION
fixed length control field 811124s1979 ii b s000 0 eng
010 ## - LCCN (DPL NO)
LC control number ENG-92954
020 ## - INTERNATIONAL STANDARD BOOK NUMBER
Terms of availability 95.00
035 ## - SYSTEM CONTROL NUMBER
System control number EN-76487
037 ## - SOURCE OF ACQUISITION
Source of stock number/acquisition DBAD / PUB
040 ## - CATALOGING SOURCE
Original cataloging agency dpl
Language of cataloging English
082 ## - DEWEY DECIMAL CLASSIFICATION NUMBER
Classification number 346.544104344
110 ## - MAIN ENTRY--CORPORATE NAME
Corporate name or jurisdiction name as entry element Maharashtra State Law Commission.
245 ## - TITLE STATEMENT
Title The Bombay Rents, Hotel and Lodging House Rates, Control Act, 1947 with case finder
260 ## - PUBLICATION, DISTRIBUTION, ETC. (IMPRINT)
Place of publication, distribution, etc New Delhi
Name of publisher, distributor, etc Archer Publications
Date of publication, distribution, etc 2005
300 ## - PHYSICAL DESCRIPTION
Extent 112p.
Dimensions 22 cm (pbk)
650 ## - SUBJECT ADDED ENTRY--TOPICAL TERM
Topical term or geographic name as entry element Rent control
Geographic subdivision India
-- Maharashtra.
650 ## - SUBJECT ADDED ENTRY--TOPICAL TERM
Topical term or geographic name as entry element Rental housing
General subdivision Law and legislation
Geographic subdivision India
-- Maharashtra.
942 ## - ADDED ENTRY ELEMENTS (KOHA)
Source of classification or shelving scheme Dewey Decimal Classification
Item type English Books
Classification part 346.544104344
Call number suffix BOM
Holdings
Withdrawn status Lost status Source of classification or shelving scheme Damaged status Not for loan Collection code Home library Current library Date acquired Source of acquisition Cost, normal purchase price Total Checkouts Full call number Barcode Date last seen Copy number Cost, replacement price Koha item type
    Dewey Decimal Classification   Not For Loan Non-fiction D.B.Act.Division D.B.Act.Division 12/02/2009 DBAD / PUB 95.00   346.544104344 BOM EN-76487 12/02/2009 1 95.00 English Books

© Delhi Public Library
Hit Counter
free hit counter